00729nam a2200181 a 450000100100000000500170001000800410002704000250006810000310009324500830012426000290020730000350023649000370027150400730030883000440038195201050042599900170053000004402620201002045112.0140513s1969 sp ab 000 0 spa d aDO-SdBNPbspacBNPHU1 aCuadrado, Miguel M.97200410aElecciones y Partidos Políticos de España 1868-1931 /cMiguel M. Cuadrado. aMadrid :bTaurus,c1969. a492 p. :bil., mapas ;c22 cm.1 aBiblioteca política Taurusa13 aIncluye referencias bibliográficas y notas al pie de las páginas 0aBiblioteca política Taurusv13970181 001050718MOaGRbGRcCTd2014-05-13iLF1l0o p44026-10r2020-06-25w2020-06-25y1ZNo se presta c43515d43515